00310nam a2200109Ia 4500008004100000041000800041082001400049100002000063245004500083260003900128300003300167240624s9999 xx 000 0 und d aeng a658.5 KRA aKRAJEWSKI LEE J aOPERATIONS MANAGEMENT STRATEGY AND ANALY c2000aNew DelhibPearson Education axxxii, : 880 : p. : cm. ; 24